| 000 | 01005nam a22002057a 4500 | ||
|---|---|---|---|
| 003 | AM-YeHGA | ||
| 005 | 20250617154624.0 | ||
| 008 | 181113b ||||| |||| 00| 0 rus d | ||
| 040 | _aAM-YeHGA | ||
| 041 | 0 | _arus | |
| 100 | 0 |
_aНиканор _cКаменский Никифор Тимофеевич _cархиеп. Казанский и Свияжский _d1847-1910. |
|
| 245 | 1 | 0 |
_aСинодик Двинского Михаило-Архангельского монастыря / _b _cСообщ. Никанора, еп. Смоленского |
| 260 |
_a[Санкт-Петербург] : _bОЛДП. О-[во] Л[юбителей] Д[ревней] П[исьменности], _c1896 |
||
| 300 |
_a31 с., _bил. |
||
| 440 | 0 |
_aПамятники древней письменности _v117 |
|
| 653 | 0 | _aРусская православная церковь | |
| 710 | 2 | _aМихаило-Архангельский мужской монастырь | |
| 942 |
_2udc _cBK |
||
| 090 | _c418519 | ||
| 999 |
_c416155 _d416155 |
||